| 000 | 00901cam a2200277 4500 | ||
|---|---|---|---|
| 001 | B881 | ||
| 008 | 090401t1988 xxu||||| |||| 00| 0 eng d | ||
| 035 | _a(Sirsi) u38505 | ||
| 041 | _aeng | ||
| 050 | _a332.6324 | ||
| 110 |
_aInvestors Chronicle _92657 |
||
| 245 | _aAverage yields - No.1 (November 1984) - No.14 (February 1988) | ||
| 260 |
_aLondon _bHillier Parker May and Rowden _c1984-1988 |
||
| 350 | _a0 | ||
| 520 | _aUpdated by quarterly reports from December 1984. - Continued as part of ICHP Property Market Indicators q.v.- From August 1990 published in a new series of Average Yields q.v. | ||
| 650 | _aEQUITIES | ||
| 650 | _aGILTS | ||
| 650 | _aINDUSTRIAL PROPERTY | ||
| 650 | _aOFFICES | ||
| 650 | _aPROPERTY INVESTMENT | ||
| 650 | _aPROPERTY MARKET INDICATORS | ||
| 650 | _aSHOPS | ||
| 710 |
_aHillier Parker May and Rowden _92042 |
||
| 942 | _n0 | ||
| 948 | _c04/03/1997 | ||
| 999 |
_c90655 _d90655 |
||